CTA Red Line Stations - Statistics

General Stats
  • This quiz has been taken 44 times
  • The average score is 25 of 33
Answer Stats
Answer % Correct
95th/Dan Ryan
93%
Howard
93%
Jarvis
93%
Morse
93%
Chicago
86%
Grand
86%
Lake
86%
Sox/35th
86%
63rd
79%
Addison
79%
Belmont
79%
Fullerton
79%
Granville
79%
Loyola
79%
North/Clybourn
79%
Roosevelt
79%
Thorndale
79%
79th
71%
87th
71%
Argyle
71%
Berwyn
71%
Cermak-Chinatown
71%
Clark/Division
71%
Monroe
71%
Sheridan
71%
69th
64%
Garfield
64%
Jackson
64%
Wilson
64%
47th
57%
Harrison
57%
Lawrence
50%
Bryn Mar
43%
No matching quizzes found
Score Distribution
Percent of People with Each Score
Percentile by Number Answered
Your Score History
You have not taken this quiz